Encyclopaedia of world environment (Record no. 136377)
[ view plain ]
| 000 -LEADER | |
|---|---|
| fixed length control field | 00818nam a22002297a 4500 |
| 010 ## - LIBRARY OF CONGRESS CONTROL NUMBER | |
| LC control number | A-943875 |
| 020 ## - INTERNATIONAL STANDARD BOOK NUMBER | |
| International Standard Book Number | 8176480401 |
| Terms of availability | 3000(set) |
| 035 ## - SYSTEM CONTROL NUMBER | |
| System control number | A-943875 |
| 037 ## - SOURCE OF ACQUISITION | |
| Stock number | Cen Lib / Ret |
| 040 ## - CATALOGING SOURCE | |
| Original cataloging agency | DPL |
| Language of cataloging | EN |
| 082 ## - DEWEY DECIMAL CLASSIFICATION NUMBER | |
| Classification number | 363.7 |
| Item number | TRI |
| 100 ## - MAIN ENTRY--PERSONAL NAME | |
| Personal name | Trivedi, P. R. |
| 245 ## - TITLE STATEMENT | |
| Title | Encyclopaedia of world environment |
| Statement of responsibility, etc | by P. R. Trivedi |
| 260 ## - PUBLICATION, DISTRIBUTION, ETC. (IMPRINT) | |
| Place of publication, distribution, etc | New Delhi |
| Name of publisher, distributor, etc | APH Publishing Corporation |
| Date of publication, distribution, etc | 1999 |
| 270 ## - ADDRESS | |
| Address | 5, Ansari Road Darya Ganj |
| City | New Delhi |
| Postal code | 110002 |
| 300 ## - PHYSICAL DESCRIPTION | |
| Extent | 5.v (v 1. vi, 311 ; v 2. 358 ; v 3. 361 ; v 4. 330; v 5. 337) |
| Other physical details | 24cm |
| 505 ## - FORMATTED CONTENTS NOTE | |
| Formatted contents note | 5.v ; v.1 Ecology ; v.2 Environment ; v.3 Wild life ; v.4 Pollution ; v.5 Basic environment laws |
| 650 ## - SUBJECT ADDED ENTRY--TOPICAL TERM | |
| Topical term or geographic name as entry element | Environmental sciences -- India. |
| 650 ## - SUBJECT ADDED ENTRY--TOPICAL TERM | |
| Topical term or geographic name as entry element | Human ecology -- India. |
| 650 ## - SUBJECT ADDED ENTRY--TOPICAL TERM | |
| Topical term or geographic name as entry element | Wild life. |
| 942 ## - ADDED ENTRY ELEMENTS (KOHA) | |
| Source of classification or shelving scheme | Dewey Decimal Classification |
| Koha item type | English Books |
| Classification part | 363.7 |
| Call number suffix | TRI |
| Withdrawn status | Lost status | Source of classification or shelving scheme | Materials specified (bound volume or other part) | Damaged status | Not for loan | Home library | Current library | Date acquired | Source of acquisition | Cost, normal purchase price | Total Checkouts | Full call number | Barcode | Date last seen | Copy number | Cost, replacement price | Price effective from | Koha item type |
|---|---|---|---|---|---|---|---|---|---|---|---|---|---|---|---|---|---|---|
| Dewey Decimal Classification | v.1 | Central Library | Central Library | 29/02/2016 | Cen Lib/Ret | 3000.00 | 363.7 TRI | A-943875 | 29/02/2016 | 1 | 3000.00 | 29/02/2016 | English Books | |||||
| Dewey Decimal Classification | v 2 | Central Library | Central Library | 29/02/2016 | Cen Lib/Ret | 3000.00 | 363.7 TRI | A-943876 | 29/02/2016 | 2 | 3000.00 | 29/02/2016 | English Books | |||||
| Dewey Decimal Classification | v.3 | Central Library | Central Library | 29/02/2016 | Cen Lib/Ret | 3000.00 | 363.7 TRI | A-943877 | 29/02/2016 | 3 | 3000.00 | 27/07/2016 | English Books | |||||
| Dewey Decimal Classification | v.5 | Central Library | Central Library | 29/02/2016 | Cen Lib/Ret | 3000.00 | 363.7 TRI | A-943879 | 29/02/2016 | 5 | 3000.00 | 27/07/2016 | English Books | |||||
| Dewey Decimal Classification | v.4 | Central Library | Central Library | 29/02/2016 | Cen Lib/Ret | 3000.00 | 363.7 TRI | A-943878 | 29/02/2016 | 4 | 3000.00 | 29/02/2016 | English Books |
